Представление документа в формате MARC21

Поле Инд. ПП Название Значение
Тип записи a
Библиографический уровень b
001 Контрольный номер RU/IS/BASE/212504652
005 Дата корректировки 20220715140324.1
008 Кодируемые данные 20060925
040 b Код языка каталог. rus
e Правила каталог. PSBO
041 0_ a Код языка текста rus
084 a Индекс другой классификации/Индекс ББК 60.542.15
100 1_ a Автор Петров А. В.
q Полное имя Петров Анатолий Викторович
245 10 a Заглавие Специальные практики молодежи: механизмы структурирования и идентификации
504 a Библиография Библиогр. ссылки. - Примеч.
650 a Основная рубрика социология
a Основная рубрика социология групп
653 a Ключевые слова идентификация
a Ключевые слова молодежь
a Ключевые слова повседневность
a Ключевые слова производство
a Ключевые слова семья
a Ключевые слова социализация молодежи
a Ключевые слова социальные практики
a Ключевые слова социокультурные ценности
773 0_ t Заглавие источника Вестник Московского университета. Серия 18, Социология и политология
d Дата издания источника 2006
g Прочая информация № 3. - С. 123 - 124
w Контрольный № источника RU/IS/BASE/211298150
901 t Тип документа b